000 00306nam a22001457a 4500
008 210308b ||||| |||| 00| 0 eng d
020 _a0877226989
041 _aeng
080 _a94
082 _a94
100 _a18
101 _aSHH
245 _aThe New American History
_cFoner,E
942 _2udc
_cBK
999 _c55994
_d55994